000 00706nam a2200301Ia 4500
005 20260401122445.0
008 008 250103s9999 xx 000 0 eng d
020 _a9783631673669
037 _aTB
040 _aEDL
040 _beng
040 _cEDL
041 _2eng
041 _aeng
084 _a823.80HUR
084 _qEDL
100 _aHorstmann, Sebastian
_91233684
245 0 _aImages of India in British Fiction: Anglo-India vs. the Metropolis
245 0 _cHorstmann, Sebastian
260 _aFrankfurt
260 _bPeterLang GmbH
260 _c2016
300 _a374p
942 _cTB
942 _h823.80HUR
999 _c1847413
_d1847413